| 000 | 01020cam a2200229 4500 | ||
|---|---|---|---|
| 001 | ABS64272 | ||
| 008 | 010727n2001 000 0 eng u | ||
| 035 | _a(Sirsi) u113829 | ||
| 100 | _aBlake, J. | ||
| 245 | _aCan London plan deliver on homes? | ||
| 260 | _c2001 | ||
| 490 |
_aRoof _v26(4) July/August 2001, 14-15(2) |
||
| 520 | _aDiscusses the Greater London Authority's draft spatial development strategy in view of the development of the housing stock. One key target of the plan is that 50% of the projected 33,000 homes provided by private developers should be affordable. The article addresses concerns as to whether this should be the real focus. One issue raised is the problem of the gap between the housing projection and the actual number of houses to be provided. | ||
| 590 | _aABS | ||
| 650 | _aPROJECTIONS | ||
| 650 | _aGREATER LONDON AUTHORITY | ||
| 650 | _aSPATIAL DEVELOPMENT STRATEGY | ||
| 650 | _aLONDON | ||
| 650 | _aPRIVATE DEVELOPERS | ||
| 690 | _aHOUSING-DEVELOPMENT | ||
| 942 | _n0 | ||
| 999 |
_c67815 _d67815 |
||